Normal view
MARC view
- جرائم الحاسبات الالكترونية -- قوانين وتشريعات -- أمن المعلومات -- قوانين وتشريعات
Entry Topical Term
001 - CONTROL NUMBER
- control field: 43848
003 - CONTROL NUMBER IDENTIFIER
- control field: JO-AjAnu
005 - DATE AND TIME OF LATEST TRANSACTION
- control field: 20230606081250.0
008 - FIXED-LENGTH DATA ELEMENTS
- fixed length control field: 230606|| aca||aabn | a|a d
040 ## - CATALOGING SOURCE
- Original cataloging agency: JO-AjAnu
- Transcribing agency: JO-AjAnu
150 ## - HEADING--TOPICAL TERM
- Topical term or geographic name entry element: جرائم الحاسبات الالكترونية -- قوانين وتشريعات -- أمن المعلومات -- قوانين وتشريعات
670 ## - SOURCE DATA FOUND
- Source citation: Work cat.: (JO-AjAnu)22448: الفيل، علي عدنان , author 43847, إجراءات التحرى وجمع الأدلة والتحقيق الإبتدائي في الجريمة المعلوماتية " دراسة مقارنة "